Searching for proof

Salvato in:
Dettagli Bibliografici
Autore principale: Wettermark, Gunnar (Autore)
Natura: Libro
Lingua:inglese
Pubblicazione: Estocolmo Recito 2009
Edizione:1a. ed
Soggetti:
Tags: Aggiungi Tag
Nessun Tag, puoi essere il primo ad aggiungerne!!

MARC

LEADER 00000nam a2200000 a 4500
001 UCG6336
003 CL-VaPUC
008 110414e20090000SW |||||||||||||||||eng|d
020 |a 9789186207977 
082 0 4 |a 233.11  |b WET  |2 21 
100 0 |a Wettermark, Gunnar  |e author  |9 556469 
245 1 0 |a Searching for proof 
250 |a 1a. ed 
300 |a 288 p 
942 |c BK 
945 |d 20110414 00:00:00  |a jcampos 
260 |a Estocolmo  |b Recito  |c 2009 
650 0 |a Religión   |9 255164 
650 0 |a Género humano  |9 399337 
650 7 |a HEREJIA  |2 CL-VaPUC  |9 317534 
650 0 |a Dios   |9 266622 
650 0 |a Diablo   |9 321430 
650 0 |a Evolución humana   |9 266935 
650 7 |a DEGRADACION HUMANA  |2 CL-VaPUC  |9 556470 
583 |a last modification  |c 20110414 00:00:00  |k Rodrigo Vera 
999 |c 344594  |d 344592 
952 |0 0  |1 0  |4 0  |6 233_110000000000000_WET_2009  |7 0  |8 A  |9 442646  |a BIBTEO  |b BIBTEO  |d 2019-11-22  |i 4767713  |o 233.11 WET 2009  |p 4767713  |r 2025-01-17  |w 2019-11-22  |y BK  |k ICR